000 01149nam a22002894a 4500
001 ebr10023335
003 CaPaEBR
006 m u
007 cr cn|||||||||
008 011205s2002 ctua sb 001 0 eng
010 _z 2001058932
020 _z156720449X (alk. paper)
040 _aCaPaEBR
_cCaPaEBR
035 _a(OCoLC)52751777
050 1 4 _aJF1338.A2
_bJ64 2002eb
082 0 4 _a351/.07/2
_221
100 1 _aJohnson, Gail,
_d1947-
245 1 0 _aResearch methods for public administrators
_h[electronic resource] /
_cGail Johnson.
260 _aWestport, CT :
_bQuorum Books,
_cc2002.
300 _axii, 267 p. :
_bill.
504 _aIncludes bibliographical references (p. [259]-260) and index.
533 _aElectronic reproduction.
_bPalo Alto, Calif. :
_cebrary,
_d2013.
_nAvailable via World Wide Web.
_nAccess may be limited to ebrary affiliated libraries.
650 0 _aPublic administration
_xResearch
_xMethodology.
655 7 _aElectronic books.
_2local
710 2 _aebrary, Inc.
856 4 0 _uhttp://site.ebrary.com/lib/rucke/Doc?id=10023335
_zAn electronic book accessible through the World Wide Web; click to view
999 _c7759
_d7759